Upravlenije vosproizvodstvom osnovnych fondov.
Zmena proporcií medzi centralizovanými a necentralizovanými investíciami. Využitie investícií a formovanie zdrojov ich financovania. Nepripravenosť stavebno-montážnych organizácií ku prechodu na úplný chozrasčot. Úloha investícií pri finančnom ozdravení krajiny. Prepojenie investičného procesu s eko...
Saved in:
| Main Author: | |
|---|---|
| Format: | Book Chapter |
| Language: | Russian |
| Subjects: | |
| Tags: |
No Tags, Be the first to tag this record!
|
MARC
| LEADER | 00000naa a2200000 4500 | ||
|---|---|---|---|
| 001 | r001090 | ||
| 005 | 20220819193053.6 | ||
| 041 | 0 | |a rus | |
| 044 | |a [SU] | ||
| 245 | 1 | 0 | |a Upravlenije vosproizvodstvom osnovnych fondov. |c A. Malygin |
| 520 | |a Zmena proporcií medzi centralizovanými a necentralizovanými investíciami. Využitie investícií a formovanie zdrojov ich financovania. Nepripravenosť stavebno-montážnych organizácií ku prechodu na úplný chozrasčot. Úloha investícií pri finančnom ozdravení krajiny. Prepojenie investičného procesu s ekonomickou reformou. Potreba ekonomickej samostatnosti dodávateľa a odberateľa. | ||
| 610 | 2 | 0 | |a reprodukcia prostriedkov základných |
| 610 | 2 | 0 | |a investície |
| 610 | 2 | 0 | |a financovanie investícií |
| 610 | 2 | 0 | |a reformy hospodárske |
| 610 | 2 | 0 | |a vzťahy dodávateľsko-odberateľské |
| 610 | 2 | 0 | |a samostatnosť hospodárska |
| 100 | 1 | |a Malygin, A. | |